| 000 | 00496nam a2200181Ia 4500 | ||
|---|---|---|---|
| 001 | 19316 | ||
| 005 | 20260306172644.0 | ||
| 008 | 260306t2013||||xx |||||||||||||| ||spa|| | ||
| 041 | _aESP | ||
| 082 |
_a658.83 _bW79 |
||
| 100 |
_aWoodburn, Diana _eAUT |
||
| 245 | 0 |
_aEl management de las cuentas clave: _bcómo seleccionar, tratar y retener a los clientes más rentables |
|
| 260 | _c2013 | ||
| 300 |
_a490 páginas : _c23 cm. |
||
| 650 | _aGEN | ||
| 654 | _aCAN | ||
| 942 |
_cLIB _dJUS _fJUS _2ddc _n |
||
| 999 |
_c19316 _d19316 |
||